Estudio de proyecto de seguridad alimentaria, fortaleciendo la agricultura familiar para una mayor producción de alimentos en Villa El Carmen y San Rafael Sur
Presenta el estudio de proyecto de seguridad alimentaria, fortaleciendo la agricultura familiar para una mayor producción de alimentos en Villa El Carmen y San Rafael Sur el cual presenta el análisis de la productividad y sostenibilidad de los sistemas de producción diversificados a través de la...
| Main Author: | |
|---|---|
| Other Authors: | |
| Format: | Tesis Section = Libro |
| Language: | Undetermined Spanish |
| Published: |
Managua
UNI
2013
|
| Subjects: |
| LEADER | 01322nam a2200241Ia 4500 | ||
|---|---|---|---|
| 008 | 240830s9999 xx 000 0 und d | ||
| 040 | |a BIBLIOTECA-RUPAP Mon 635 O-74 | ||
| 041 | |a spa | ||
| 082 | |a Mon 635 O-74 | ||
| 100 | 1 | |a Orozco Urbina, José Freddy | |
| 245 | 1 | 0 | |a Estudio de proyecto de seguridad alimentaria, fortaleciendo la agricultura familiar para una mayor producción de alimentos en Villa El Carmen y San Rafael Sur |
| 260 | |a Managua |b UNI |c 2013 | ||
| 300 | |a 87 p. :il. | ||
| 500 | |a Contiene: anexos. | ||
| 502 | |a Tesis (Ingeniero Agrícola)- UNI, 2013. | ||
| 520 | 3 | |a Presenta el estudio de proyecto de seguridad alimentaria, fortaleciendo la agricultura familiar para una mayor producción de alimentos en Villa El Carmen y San Rafael Sur el cual presenta el análisis de la productividad y sostenibilidad de los sistemas de producción diversificados a través de la incorporación de buenas prácticas, nuevos rubros e incremento en el volumen de producción y el estudio del nivel de organización alcanzados en las familias productoras. | |
| 650 | 7 | |a CULTIVOS AGRICOLAS - CONSUMO HUMANO | |
| 650 | 7 | |b PRODUCTIBILIDAD AGRICOLA - SOSTENIBILIDAD | |
| 650 | 7 | |c PRODUCCION DE ALIEMENTOS | |
| 700 | 1 | |a Tutor: |b Acevedo Ampie, Guillermo José | |
| 942 | |c BK |2 ddc | ||
| 991 | |a TESIS | ||
| 999 | |c 16758 | ||